| 000 | 01604nam a22002057a 4500 | ||
|---|---|---|---|
| 999 |
_c56887 _d56887 |
||
| 003 | Ge_BSU | ||
| 005 | 20190610150950.0 | ||
| 008 | 190610s2011 xxu||||| |||| 00| 0 geo d | ||
| 020 | _a15123154 | ||
| 041 | _ageo | ||
| 080 | _a94(100)''15/18''+94(100)''1918... ა-98 | ||
| 245 |
_aახალი და უახლესი ისტორიის საკითხები= Studies in modern and contemporary : _b2011. N 2(10) _cივანე ჯავახიშვილის სახელობის თბილისის სახელმწიფო უნივერსიტეტი ; ივანე ჯავახიშვილის ისტორიისა და ეთნოლოგიის ინსტიტუტი ; რედაქტორი: ავთანდილ სონღულაშვილი. |
||
| 264 |
_aთბილისი : _bუნივერსალი, _c2011. |
||
| 300 |
_a455 გვ. _b21სმ. |
||
| 500 | _aპარალელური თავფურცელი ინგლისურ ენაზე | ||
| 653 | _aისტორია | ||
| 700 |
_aსონღულაშვილი, ავთანდილ _eრედაქტორი _92321 |
||
| 710 |
_aთბილისის სახელმწიფო უნივერსიტეტი, ივანე ჯავახიშვილის სახელობის _bივანე ჯავახიშვილის ისტორიისა და ეთნოლოგიის ინსტიტუტი. _92322 |
||
| 942 |
_2udc _cBK |
||